Language of class : studies in English working class history 1832-1982

Αποθηκεύτηκε σε:
Λεπτομέρειες βιβλιογραφικής εγγραφής
Κύριος συγγραφέας: Jones, Gareth Stedman
Μορφή: Βιβλίο
Γλώσσα:English
Δημοσίευση: Cambridge; New York : Cambridge University Press, 1996
Θέματα:
Ετικέτες: Προσθήκη ετικέτας
Δεν υπάρχουν, Καταχωρήστε ετικέτα πρώτοι!

MARC

LEADER 00000nam a2200000 i 4500
001 1/43929
008 031030s1996 eng d
020 |a 0-521-27631-4 
035 |l 10071450 
040 |a GR-MY-UA  |b gre  |e aacr 
041 0 |a eng 
082 0 |a 305.5620941  |2 (21) 
100 1 |a Jones, Gareth Stedman. 
245 1 0 |a Language of class :  |b studies in English working class history 1832-1982 /  |c Gareth Stedman Jones 
260 |a Cambridge; New York :   |b Cambridge University Press,   |c 1996 
300 |a viii, 260 σ.;  |c 23 εκ. 
504 |a Περιέχει ευρετήριο 
650 0 0 |a Working class  |z England  |x History  |y 19th century. 
650 0 0 |a Working  |z England  |x History  |y 20th century. 
650 0 0 |a Working class  |z England  |x Political activity. 
650 0 0 |a Social conflict  |z England  |x History  |y 19th century. 
650 0 0 |a Social conflict  |z England  |x History  |y 20th century. 
852 |a INST  |b LESVOS  |e 20031030  |h 305.5620941 JON  |p 005100029610  |q 005100029610  |t BK  |y 0 
901 |a BIBL1-2003-3 
909 |a Λ  |b 106760 
922 |a 1ΕΛΗ  |b 200310  |c ΕΠΕΑΕΚ2/ΤΚΑ  |d ΜΙΧΑΛΟΠΟΥΛΟΣ 
950 |a 117-2003-09-05 
970 |a ΚΑΡΑ  |b ΓΙΑΣΕΜΗ  |z 2003/11/07